Marketing practical approach : (Record no. 344909)

000 -LEADER
fixed length control field 00928 a2200193 4500
020 ## - INTERNATIONAL STANDARD BOOK NUMBER
International Standard Book Number 0074708589
020 ## - INTERNATIONAL STANDARD BOOK NUMBER
International Standard Book Number 9780074708583
090 ## - LOCALLY ASSIGNED LC-TYPE CALL NUMBER (OCLC); LOCAL CALL NUMBER (RLIN)
-- 2411
-- 2411
100 1# - MAIN ENTRY--PERSONAL NAME
Personal name Rix.
245 10 - TITLE STATEMENT
Title Marketing practical approach :
Remainder of title a practical approach /
Statement of responsibility, etc. Rix.
250 ## - EDITION STATEMENT
Edition statement 4th edition ed.
260 ## - PUBLICATION, DISTRIBUTION, ETC.
Place of publication, distribution, etc. [S.l.] :
Name of publisher, distributor, etc. McGraw-Hill Australia,
Date of publication, distribution, etc. 2000.
300 ## - PHYSICAL DESCRIPTION
Extent 569 p. ;
Dimensions 25 cm.
500 ## - GENERAL NOTE
General note Paperback.
520 ## - SUMMARY, ETC.
Summary, etc. This new edition continues the practical approach that has made previous editions bestsellers. The book will integrate Internet Marketing, Global Issues, Ethical Challenges and Marketing in a Small Business with an Australian perspective. Fully supported by a comprehensive Australian Website.
856 40 - ELECTRONIC LOCATION AND ACCESS
Materials specified Amazon.com
Uniform Resource Identifier <a href="http://www.amazon.com/exec/obidos/ASIN/0074708589/chopaconline-20">http://www.amazon.com/exec/obidos/ASIN/0074708589/chopaconline-20</a>
856 40 - ELECTRONIC LOCATION AND ACCESS
Materials specified Amazon customer reviews
Uniform Resource Identifier <a href="http://www.chopac.org/cgi-bin/tools/azrev.pl?q=0074708589">http://www.chopac.org/cgi-bin/tools/azrev.pl?q=0074708589</a>
942 ## - ADDED ENTRY ELEMENTS (KOHA)
Institution code [OBSOLETE] NBS
Koha item type Book
Call number prefix 658.8007 RIX
Holdings
Withdrawn status Lost status Source of classification or shelving scheme Materials specified (bound volume or other part) Damaged status Not for loan Permanent Location Current Location Shelving location Date acquired Total Checkouts Full call number Barcode Date last seen Date last checked out Price effective from Koha item type Public note
      CSS Corner Book     Central Library (CL) Central Library (CL) Central Superior Services 08/28/2013 1 658.8007 RIX NBS5892 10/18/2021 07/15/2021 08/28/2013 CSS Corner CSS Corner Book
© 2023 Central Library, National University of Sciences and Technology. All Rights Reserved.